<?xml version="1.0" encoding="UTF-8"?>
<collection xmlns="http://www.loc.gov/MARC21/slim">
  <record>
    <leader>00000nam  2200000   4500</leader>
    <controlfield tag="001">INLIS000000000018912</controlfield>
    <controlfield tag="005">20250115100114</controlfield>
    <datafield tag="035" ind1="#" ind2="#">
      <subfield code="a">0010-0125000056</subfield>
    </datafield>
    <controlfield tag="007">ta</controlfield>
    <controlfield tag="008">250115################g##########0#ind##</controlfield>
    <datafield tag="020" ind1="#" ind2="#">
      <subfield code="a">979 553 673 7</subfield>
    </datafield>
    <datafield tag="082" ind1="#" ind2="#">
      <subfield code="a">959.8</subfield>
    </datafield>
    <datafield tag="084" ind1="#" ind2="#">
      <subfield code="a">959.8 POU p</subfield>
    </datafield>
    <datafield tag="100" ind1=" " ind2="#">
      <subfield code="a">Pour, Julius</subfield>
    </datafield>
    <datafield tag="245" ind1="1" ind2="#">
      <subfield code="a">Pengalaman dan Kesaksian Sejak Proklamasi Sampai Orde Baru /</subfield>
      <subfield code="c">Julius Pour</subfield>
    </datafield>
    <datafield tag="260" ind1="#" ind2="#">
      <subfield code="a">Jakarta :</subfield>
      <subfield code="b">Grasindo,</subfield>
      <subfield code="c">1995</subfield>
    </datafield>
    <datafield tag="300" ind1="#" ind2="#">
      <subfield code="a">258 halaman :</subfield>
      <subfield code="b">ilus ;</subfield>
      <subfield code="c">21 cm</subfield>
    </datafield>
    <datafield tag="520" ind1="#" ind2="#">
      <subfield code="a">Sejarah umat manusia seolah-olah punya siklus yang misterius. Datangnya pasti. Namun waktunya sulit diduga.&#13;
Sedemikian pentingnya sejarah, Bung Karno pernah menyerukan, jangan sekali-kali meninggalkan sejarah. Penegasan ini disampaikan dalam salah satu pidato berjudul "Jas Merah" (Jangan sekali-kali meninggalkan sejarah). &#13;
Sebagai sebuah bangsa besar, tentu kita tak pernah -dan tidak boleh pernah- melupakan sejarah kita sendiri. Baik sejarah yang diperankan tokoh tertentu maupun sejarah bersama-sama sebagai suatu nasion. &#13;
Pengalaman dan Kesaksian Sejak Proklamasi Sampai Orde Baru adalah salah satu catatan sejarah bangsa. Seperti judulnya, buku ini menampilkan tokoh-tokoh dari berbagai latar belakang, berbagai profesi, serta berbagai generasi yang mencakup rentang waktu 50 tahun.&#13;
Pilihan tokoh semata-mata didasarkan pada "pengalaman dan kesaksian" mereka yang pernah diwawancarai Julius Pour -wartawan senior kompas dan penulis sejumlah buku biografi- yang kemudian di muat di Harian Kompas. Disertakan pula tambahan keterangan agar pembaca memperoleh kejelasan. &#13;
Setiap pengalaman merupakan guru terbaik. Karena itu siapa pun tentu dapat memetik manfaat dari buku ini sebagai cermin di dalam berpikir maupun bertindak.</subfield>
    </datafield>
    <datafield tag="990" ind1="#" ind2="#">
      <subfield code="a">96111189</subfield>
    </datafield>
    <datafield tag="990" ind1="#" ind2="#">
      <subfield code="a">96111190</subfield>
    </datafield>
  </record>
</collection>
